STATISTICS FOR MANAGERS USING MICROSOFT EXCEL (Record no. 14281)
[ view plain ]
| 000 -LEADER | |
|---|---|
| fixed length control field | 00289nam a22001337a 4500 |
| 003 - CONTROL NUMBER IDENTIFIER | |
| control field | SGT |
| 082 ## - DEWEY DECIMAL CLASSIFICATION NUMBER | |
| Classification number | LEV |
| 100 ## - MAIN ENTRY--PERSONAL NAME | |
| Personal name | LEVINE, DAVID M. |
| 245 ## - TITLE STATEMENT | |
| Title | STATISTICS FOR MANAGERS USING MICROSOFT EXCEL |
| 250 ## - EDITION STATEMENT | |
| Edition statement | 8TH |
| 260 ## - PUBLICATION, DISTRIBUTION, ETC. (IMPRINT) | |
| Place of publication, distribution, etc | PEARSON INDIA |
| Year of Publication | 2017 |
| 300 ## - PAGE DESCRIPTION | |
| No. of Pages | 808 |
| 942 ## - ADDED ENTRY ELEMENTS (KOHA) | |
| Source of classification or shelving scheme | Dewey Decimal Classification |
| Koha item type | Books |
| 942 ## - ADDED ENTRY ELEMENTS (KOHA) | |
| -- | 1 |
| Withdrawn status | Lost status | Source of classification or shelving scheme | Damaged status | Not for loan | Collection code | Home library | Current library | Shelving location | Date acquired | Vendor Name | Cost, normal purchase price | SGTU | Bill Number | Total Checkouts | Full call number | Accession No. (Barcode) | Date last seen | Date last borrowed | Bill Date | Koha item type |
|---|---|---|---|---|---|---|---|---|---|---|---|---|---|---|---|---|---|---|---|---|
| Dewey Decimal Classification | COMMERCE MANAGEMENT | SGT Science & Social Sciences Library | SGT Science & Social Sciences Library | Text Book | 27/12/2017 | AHUJA BOOKS | 829.00 | SGTU | 9088 | 1 | LEV | CM3979 | 07/04/2021 | 07/04/2021 | Books | |||||
| Dewey Decimal Classification | COMMERCE MANAGEMENT | SGT Science & Social Sciences Library | SGT Science & Social Sciences Library | Text Book | 27/12/2017 | AHUJA BOOKS | 829.00 | SGTU | 9088 | LEV | CM3980 | 27/12/2017 | Books | |||||||
| Dewey Decimal Classification | COMMERCE MANAGEMENT | SGT Science & Social Sciences Library | SGT Science & Social Sciences Library | Text Book | 27/12/2017 | AHUJA BOOKS | 829.00 | SGTU | 9088 | 1 | LEV | CM3981 | 22/09/2023 | 19/09/2023 | Books |